Ça c'est fort ! - Statistiques

Statistiques générales
  • Ce quiz a été pris 29 fois
    16 depuis la dernière actualisation
  • Le résultat moyen est 10 sur 22
Statistiques - réponses
Indice Réponse % Correct
Bâtiment médiéval souvent équipé de douves et pont-levis Château fort
100%
Le paresseux est partisan du moindre Effort
73%
Siège de la Banque centrale européenne Francfort
73%
Nitrique, oui ; acétique, non Acide fort
67%
Whisky, oui ; bière, non Alcool fort
67%
A clef ou à combinaison Coffre-fort
67%
Préfecture française (deux possibilités) Fort-de-France | Belfort
60%
On n'a curieusement pas de problème à jouer ainsi au piano Fortissimo
60%
Jeu vidéo Fortnite
53%
Elle sourit aux audacieux Fortune
47%
Amiral britannique qui avait besoin d'évaluer la vitesse du vent sur une échelle Francis Beaufort
40%
Jeu pas vidéo, originaire de Charente-Maritime Fort Boyard
33%
Camp militaire américain où est entreposée la réserve d'or des Etats-Unis Fort Knox
33%
Produit de brebis du Larzac Roquefort
33%
Bien-être matériel et moral Confort
27%
Acteur français moustachu, ayant beaucoup tourné avec Yves Robert ou Patrice Leconte Jean Rochefort
27%
Masculin (paraît-il...) Sexe fort
27%
Mur servant d'appui à un autre mur Contrefort
20%
Difficile à admettre Fort de café
13%
Substance qui remet en forme Fortifiant
13%
Langage de programmation utilisé notamment pour le calcul intensif Fortran
13%
Ville texane, en population la 13e ville des Etats-Unis Fort Worth
7%
Aucun quiz correspondant
Distribution des résultats
% des personnes avec chaque résultat
Percentile par nombre de réponses
Votre historique - résultats
Vous n’avez pas pris ce quiz depuis la dernière actualisation